Countries in Alliances/Treaties - Tile Select - Statistics

General Stats
  • This quiz has been taken 50 times
    43 since last reset
  • The average score is 31 of 45
Answer Stats
Question Tile Select % Correct
countries in NATO (North Atlantic Treaty Organization) China No
100%
countries in NATO (North Atlantic Treaty Organization) Russia No
100%
countries in NATO (North Atlantic Treaty Organization) United States Yes
100%
countries in NATO (North Atlantic Treaty Organization) France Yes
97%
countries in NATO (North Atlantic Treaty Organization) Estonia Yes
95%
countries in NATO (North Atlantic Treaty Organization) Mexico No
92%
countries in BRICS Canada No
89%
countries in BRICS China Yes
89%
countries in OPEC (Organization of the Petroleum Exporting Countries) India No
89%
countries in OPEC (Organization of the Petroleum Exporting Countries) Turkey No
89%
countries in BRICS Bangladesh No
86%
countries in BRICS Brazil Yes
86%
countries in BRICS India Yes
86%
countries in BRICS Ireland No
86%
countries in BRICS Romania No
86%
countries in OPEC (Organization of the Petroleum Exporting Countries) Saudi Arabia Yes
86%
countries in BRICS South Africa Yes
86%
countries in NATO (North Atlantic Treaty Organization) Switzerland No
86%
countries in NATO (North Atlantic Treaty Organization) Turkey Yes
86%
countries in BRICS Russia Yes
84%
countries in OPEC (Organization of the Petroleum Exporting Countries) Venezuela Yes
78%
countries in NATO (North Atlantic Treaty Organization) Albania Yes
70%
countries in TPP (Trans-Pacific Partnership) Australia Yes
70%
countries in CSTO (Collective Security Treaty Organization) Russia Yes
70%
countries in CSTO (Collective Security Treaty Organization) Tajikistan Yes
70%
countries in CSTO (Collective Security Treaty Organization) Belarus Yes
68%
countries in CSTO (Collective Security Treaty Organization) Georgia No
68%
countries in TPP (Trans-Pacific Partnership) Japan Yes
68%
countries in TPP (Trans-Pacific Partnership) Malaysia Yes
68%
countries in TPP (Trans-Pacific Partnership) North Korea No
68%
countries in CSTO (Collective Security Treaty Organization) Kyrgyzstan Yes
62%
countries in CSTO (Collective Security Treaty Organization) Armenia Yes
59%
countries in TPP (Trans-Pacific Partnership) East Timor No
57%
countries in OPEC (Organization of the Petroleum Exporting Countries) Nigeria Yes
57%
countries in OPEC (Organization of the Petroleum Exporting Countries) Angola Yes
49%
countries in CSTO (Collective Security Treaty Organization) Azerbaijan No
49%
countries in CSTO (Collective Security Treaty Organization) Turkmenistan No
46%
countries in OPEC (Organization of the Petroleum Exporting Countries) Yemen No
46%
countries in CSTO (Collective Security Treaty Organization) Uzbekistan No
43%
countries in OPEC (Organization of the Petroleum Exporting Countries) Equatorial Guinea Yes
41%
countries in TPP (Trans-Pacific Partnership) Mexico Yes
41%
countries in TPP (Trans-Pacific Partnership) Peru Yes
38%
countries in OPEC (Organization of the Petroleum Exporting Countries) Oman No
27%
countries in TPP (Trans-Pacific Partnership) Thailand No
14%
countries in TPP (Trans-Pacific Partnership) Indonesia No
11%
No matching quizzes found
Score Distribution
Percent of People with Each Score
Percentile by Number Answered
Your Score History
You have not taken this quiz since the last reset